000 00280nam a2200109Ia 4500
005 20251222143147.0
008 251222s9999||||xx |||||||||||||| ||spa||
082 _a869.569/V23Y/Ej.2/
100 _a"Vallejo, César"
245 0 _aFabla salvajeEl tungstenoPaco Yunque
942 _cLIB
999 _c12535
_d12535